| 000 | 00457 a2200121 4500 | ||
|---|---|---|---|
| 001 | ART_53032 | ||
| 005 | 20260410161759.0 | ||
| 008 | 260409a | ||
| 245 | 1 | 0 | _aAspectos impositivos de las nuevas normas contables. A propósito de la RT 26 y las NIIF (normas internacionales de información financiera) |
| 100 | 1 | _aGarcía, Fernando D. | |
| 700 | 1 | _aLuppi, Hugo Alberto | |
| 773 | 0 |
_tDoctrina tributaria _g- Nº 353 (ago. 2009) _wREV4296 |
|
| 999 |
_c20395 _d20395 |
||